000 00876nam a22002417a 4500
999 _c162112
_d162112
005 20190816104507.0
010 _a1819CHEN B-718314-334
020 _c175.00
_a9789387103023
035 _aB-718314-334
035 _aB-728593
037 _bPansy Books
082 _aS
100 _aRupa Gulab
245 _aSandy to the rescue /
_cby Rupa Gulab ; illustrated by Chetan Sharma
260 _bDuckbill Books
_aChennai
_c2018
270 _bChennai
_aF2, Oyster Operaa, 35/36 Gangai Street Kalakshetra Colony
_e600090
300 _a66p.:
_c20cm(pbk)
_bill.
500 _aAirport
700 _aSharma, Chetan
942 _2ddc
_cCH
_mRUP
_hS